| 000 | 00483nam a2200181Ia 4500 | ||
|---|---|---|---|
| 001 | 14501 | ||
| 005 | 20260306164919.0 | ||
| 008 | 260306t2019||||xx |||||||||||||| ||spa|| | ||
| 041 | _aESP | ||
| 082 |
_a515.15 _bA66 |
||
| 100 |
_aArancibia Carvajal, Sara _eAUT |
||
| 245 | 0 |
_aCálculo 1: _bpotenciando el pensamiento crítico a través de la matemática |
|
| 260 | _c2019 | ||
| 300 |
_axx, 656 páginas : _c27 cm. |
||
| 650 | _aGEN | ||
| 654 | _aCMA | ||
| 942 |
_cLIB _dJUS _fJUS _2ddc _n |
||
| 999 |
_c14501 _d14501 |
||